|
|
|
|
| LEADER |
01844nam a2200325 a 4500 |
| 001 |
18129 |
| 003 |
BD-DhAAL |
| 008 |
090412r20041983 enka 001 0 eng d |
| 010 |
|
|
|a \\\82004351
|
| 020 |
|
|
|a 0521245133(hard back)
|
| 020 |
|
|
|a 9780521287630 (pbk.)
|
| 020 |
|
|
|a 0521287634 (pbk.)
|
| 020 |
|
|
|a 9780521287630 (pbk.)
|
| 040 |
|
|
|a DLC
|c DLC
|d DLC
|d BD-DhAAL
|
| 050 |
0 |
0 |
|a QA331
|b .S85 1983
|
| 082 |
0 |
0 |
|a 515.9
|2 19
|
| 100 |
1 |
|
|a Stewart, Ian,
|d 1945-
|9 41345
|
| 245 |
1 |
0 |
|a Complex analysis :
|b the hitchhiker's guide to the plane /
|c Ian Stewart, David Tall.
|
| 260 |
|
|
|a Cambridge [Cambridgeshire] ;
|a New York :
|b Cambridge University Press,
|c 1983.
|
| 300 |
|
|
|a viii, 290 pages :
|b illustrations ;
|c 24 cm.
|
| 500 |
|
|
|a Includes index.
|
| 526 |
|
|
|a MNS
|x Ferdousi Ara Begum,
Faculty Member of BRAC University
Course name : Complex Variables & Laplace Transformations (MAT 215)
|
| 541 |
1 |
|
|e 18129, 18130
|a D. S. Books International
|
| 650 |
|
0 |
|a Functions of complex variables.
|9 41346
|
| 700 |
1 |
|
|a Tall, David Orme.
|9 41347
|
| 852 |
4 |
|
|a Ayesha Abed Library
|c General Stacks
|
| 942 |
0 |
0 |
|0 2
|2 ddc
|c BK
|
| 999 |
|
|
|c 141
|d 141
|
| 952 |
|
|
|0 0
|1 0
|2 ddc
|4 0
|6 515_900000000000000_STE
|7 0
|9 130
|a BRACUL
|b BRACUL
|c GEN
|d 2009-04-28
|e D. S. Books International
|l 14
|m 70
|o 515.9 STE
|p 3010018129
|r 2022-10-18
|s 2022-08-04
|t 1
|w 2009-04-28
|y BK
|x Requisitioned by Ferdousi Ara Begum (Faculty Member of BRAC University) for the course named- "Complex Variables & Laplace Transformations (MAT 215)" ; USD 64.98
|
| 952 |
|
|
|0 0
|1 0
|2 ddc
|4 0
|6 515_900000000000000_STE
|7 0
|9 13610
|a BRACUL
|b BRACUL
|c GEN
|d 2010-12-14
|e D. S. Books International
|l 16
|m 43
|o 515.9 STE
|p 3010018130
|r 2025-07-22
|s 2025-06-23
|t 2
|w 2010-12-14
|y BK
|x Requisitioned by Ferdousi Ara Begum (Faculty Member of BRAC University) for the course named- "Complex Variables & Laplace Transformations (MAT 215)" ; USD 64.98
|